Statistiken für TOP 8 Beliebteste Kampfsportarten

Klicken Sie hier um das Quiz zu spielen!

Allgemein

  • Dieses Quiz wurde 117 mal gespielt
  • Das Durchschnittsergebnis liegt bei 3 aus 8

Antwortstatistiken

#MitgliederKampfkunst% Korrekt
1~ 134 700Karate
98%
2~ 127 600Judo
82%
3~ 76 800Boxen/ Boxsport
60%
4~ 63 800Ringen
39%
5~ 57 500Taekwondo
38%
7~ 30 000Kickboxen
15%
8~ 21 600Fechten
9%
6~ 46 700Ju-Jutsu
6%

Verteilung der Resultate

Perzentil nach korrekt beantworteten Fragen

Anzahl Personen mit jedem Resultat

Ihre Resultats-Entwicklung

Sie haben dieses Quiz noch nicht gespielt